000 01356cam a22003254a 4500
005 20260322212004.0
008 data
010 _a 2003019505
020 _a140004619X (hardcover)
020 _a9781400046195 (hardcover)
040 _aDLC
_cDLC
_dDLC
042 _apcc
050 0 0 _aHV6080
_b.S22 2004
082 0 0 _a364.3/01/9
_222
096 _aWM 605 S22 2004
100 1 _aSamenow, Stanton E.,
_d1941-
245 1 0 _aInside the criminal mind /
_cStanton E. Samenow.
250 _aRev. and updated ed.
260 _aNew York :
_bCrown Publishers,
_cc2004.
300 _axxv, 257 p. ;
_c25 cm.
504 _aIncludes bibliographical references (p. 243-251) and index.
650 0 _aCriminal psychology.
650 0 _aJuvenile delinquents
_xPsychology.
650 0 _aConduct disorders in adolescence.
856 4 2 _3Contributor biographical information
_uhttp://www.loc.gov/catdir/bios/random055/2003019505.html
856 4 1 _3Sample text
_uhttp://www.loc.gov/catdir/samples/random051/2003019505.html
856 4 2 _3Publisher description
_uhttp://www.loc.gov/catdir/description/random0414/2003019505.html
856 4 1 _3Table of contents
_uhttp://www.loc.gov/catdir/toc/ecip048/2003019505.html
001 data
999 _c47
_d47